[Event "LAT-ch"]
[Site "Riga"]
[Date "2023.05.04"]
[Round "7"]
[White "Kolesnikovs, Ivans"]
[Black "Batashevs, Arsens"]
[Result "0-1"]
[WhiteElo "2052"]
[BlackElo "2180"]
[PlyCount "147"]
[EventDate "2023.04.29"]
[EventType "swiss"]
[EventRounds "9"]
[EventCountry "LAT"]
[SourceTitle "EXT 2024"]
[Source "ChessBase"]
[SourceDate "2023.10.10"]
[SourceVersion "1"]
[SourceVersionDate "2023.10.10"]
[SourceQuality "1"]

1. e4 g6 2. d4 Bg7 3. Nc3 c6 4. f4 d5 5. e5 Nh6 6. Nf3 f6 7. Be3 0-0 8. Qd2 Bg4 9. Be2 e6 10. 0-0 Bxf3 11. Bxf3 Nf7 12. Kh1 fxe5 13. dxe5 Qe7 14. Ne2 c5 15. c4 d4 16. Bf2 a5 17. b3 Bh6 18. Qd3 Na6 19. a3 Rfd8 20. Rad1 Rd7 21. h4 Nd8 22. g3 Qg7 23. Ng1 Nc6 24. Be1 Nab8 25. Be2 Rf7 26. Bg4 Rf5 27. Bxf5 gxf5 28. Rb1 Nd7 29. Kg2 Qg4 30. Nf3 Rf8 31. Bd2 Rf7 32. Rfe1 Bf8 33. Ng5 Re7 34. Qf3 Qxf3+ 35. Nxf3 h6 36. h5 Nb6 37. a4 Rg7 38. Kf2 Nd7 39. Rg1 Ndb8 40. g4 fxg4 41. Nh2 Kh7 42. Nxg4 Be7 43. Kf3 Rf7 44. Ke4 Rf5 45. Rh1 Nd7 46. Rbg1 b6 47. Rg2 Bf8 48. Rgg1 Ne7 49. Rg2 Bg7 50. Be1 Nc6 51. Rgg1 Kh8 52. Bd2 Ne7 53. Be1 Nc6 54. Rg2 Kh7 55. Bd2 Ne7 56. Rgh2 Rf8 57. Rg2 Nf5 58. Nf2 Rf7 59. Rg6 Nf8 60. Rg4 Bh8 61. Kd3 Nd7 62. Rhg1 Ne7 63. Rg6 Nf8 64. R6g2 Rf5 65. Rh1 Nd7 66. Ne4 Bg7 67. Nd6 Rf8 68. Rhg1 Bh8 69. Ke4 Nb8 70. Be1 Nf5 71. Nxf5 Rxf5 72. Rg6 Rf7 73. Rxe6 Nd7 74. Reg6 0-1

[Event "LAT-ch"]
[Site "Riga"]
[Date "2023.05.03"]
[Round "6"]
[White "Batashevs, Arsens"]
[Black "Kantans, Toms"]
[Result "0-1"]
[WhiteElo "2180"]
[BlackElo "2480"]
[PlyCount "48"]
[EventDate "2023.04.29"]
[EventType "swiss"]
[EventRounds "9"]
[EventCountry "LAT"]
[SourceTitle "EXT 2024"]
[Source "ChessBase"]
[SourceDate "2023.10.10"]
[SourceVersion "1"]
[SourceVersionDate "2023.10.10"]
[SourceQuality "1"]

1. Nf3 d5 2. c4 d4 3. b4 g6 4. Bb2 Bg7 5. e3 e5 6. d3 Ne7 7. exd4 exd4 8. Nbd2 0-0 9. Nb3 Nf5 10. Kd2 a5 11. Nxa5 c5 12. Nb3 cxb4 13. g4 Nh4 14. Nfxd4 b5 15. Kc2 Bb7 16. Rg1 Qf6 17. Qe2 g5 18. cxb5 Nd7 19. Kb1 Rfe8 20. Qd2 Nb6 21. Nc6 Re1+ 22. Nc1 Nf3 23. Bxf6 Nxd2+ 24. Kc2 Bxf6 0-1

[Event "LAT-ch"]
[Site "Riga"]
[Date "2022.04.29"]
[Round "3"]
[White "Starostits, Ilmars"]
[Black "Batashevs, Arsens"]
[Result "1-0"]
[WhiteElo "2427"]
[BlackElo "2165"]
[PlyCount "89"]
[EventDate "2022.04.27"]
[EventType "swiss"]
[EventRounds "9"]
[EventCountry "LAT"]
[SourceTitle "CBM 208 Extra"]
[Source "ChessBase"]
[SourceDate "2022.07.31"]
[SourceVersion "1"]
[SourceVersionDate "2022.07.31"]
[SourceQuality "1"]

1. e4 e6 2. d4 d5 3. Nc3 h6 4. Nf3 Nf6 5. Bd3 Bb4 6. exd5 exd5 7. 0-0 0-0 8. a3 Bd6 9. Nb5 Nc6 10. h3 Re8 11. Re1 a6 12. Nxd6 Qxd6 13. Rxe8+ Nxe8 14. Qe2 Qe6 15. Qxe6 Bxe6 16. Bf4 g5 17. Bh2 f6 18. Re1 Kf7 19. c3 Ne7 20. Nd2 a5 21. f4 g4 22. f5 Nxf5 23. hxg4 Ne7 24. Be2 Nd6 25. g5 Nef5 26. Bh5+ Ke7 27. g4 Nh4 28. gxf6+ Kxf6 29. Be5+ Kg5 30. Bxd6 Bxg4 31. Bxg4 cxd6 32. Bf3 Nxf3+ 33. Nxf3+ Kf4 34. Kf2 a4 35. Re6 Ra6 36. Rf6+ Kg4 37. Ke3 Rb6 38. Rg6+ Kh5 39. Rg2 Rc6 40. Kf4 Rc8 41. Rh2+ Kg6 42. Nh4+ Kh7 43. Nf5 Re8 44. Rxh6+ Kg8 45. Rxd6 1-0

[Event "EU-ch Rapid"]
[Site "Katowice"]
[Date "2021.12.19"]
[Round "7"]
[White "Batashevs, Arsens"]
[Black "Teclaf, Pawel"]
[Result "0-1"]
[WhiteElo "2165"]
[BlackElo "2542"]
[PlyCount "62"]
[EventDate "2021.12.18"]
[EventType "swiss (rapid)"]
[EventRounds "11"]
[EventCountry "POL"]
[SourceTitle "CBM 205 Extra"]
[Source "ChessBase"]
[SourceDate "2022.01.31"]
[SourceVersion "1"]
[SourceVersionDate "2022.01.31"]
[SourceQuality "1"]

1. g3 d5 2. Bg2 g6 3. Nh3 Nf6 4. 0-0 Bg7 5. f3 0-0 6. Nf2 c5 7. e4 Nc6 8. c3 b6 9. Na3 dxe4 10. fxe4 Nd7 11. Nc2 Ba6 12. Re1 c4 13. b3 b5 14. d4 cxd3 15. Qxd3 Rc8 16. Bb2 Qb6 17. Qxd7 Rcd8 18. Qg4 Rd2 19. Re2 Ne5 20. Rxd2 Nxg4 21. Rad1 Rc8 22. Nb4 Bb7 23. Nd5 Bxd5 24. exd5 Bh6 25. Re2 Nxf2 26. Rxf2 Be3 27. Rdf1 Qa5 28. Bc1 Bxf2+ 29. Rxf2 Qxc3 30. Bh6 Qd4 31. Kf1 Qd1# 0-1

[Event "EU-ch Blitz"]
[Site "Katowice"]
[Date "2021.12.17"]
[Round "11"]
[White "Liskiewicz, Jakub"]
[Black "Batashevs, Arsens"]
[Result "0-1"]
[WhiteElo "1598"]
[BlackElo "2165"]
[PlyCount "47"]
[EventDate "2021.12.17"]
[EventType "swiss (blitz)"]
[EventRounds "22"]
[EventCountry "POL"]
[SourceTitle "CBM 205 Extra"]
[Source "ChessBase"]
[SourceDate "2022.01.31"]
[SourceVersion "1"]
[SourceVersionDate "2022.01.31"]
[SourceQuality "1"]

1. d4 g6 2. c4 Bg7 3. Nc3 c5 4. d5 Bxc3+ 5. bxc3 f5 6. Bf4 Qa5 7. Qc2 d6 8. e3 Nf6 9. Be2 Nbd7 10. h4 Nb6 11. h5 Rg8 12. hxg6 hxg6 13. Nf3 Bd7 14. Ng5 0-0-0 15. Rb1 Ba4 16. Qb2 Qa6 17. Ne6 Rd7 18. Rh6 Nxc4 19. Qc1 Nxd5 20. Kf1 Bb5 21. Kg1 Ndb6 22. Qf1 Qa5 23. Rh7 a6 24. Rf7 0-1

[Event "EU-ch Blitz"]
[Site "Katowice"]
[Date "2021.12.17"]
[Round "16"]
[White "Nasuta, Grzegorz"]
[Black "Batashevs, Arsens"]
[Result "1-0"]
[WhiteElo "2521"]
[BlackElo "2165"]
[PlyCount "60"]
[EventDate "2021.12.17"]
[EventType "swiss (blitz)"]
[EventRounds "22"]
[EventCountry "POL"]
[SourceTitle "CBM 205 Extra"]
[Source "ChessBase"]
[SourceDate "2022.01.31"]
[SourceVersion "1"]
[SourceVersionDate "2022.01.31"]
[SourceQuality "1"]

1. e4 g6 2. d4 Bg7 3. Nc3 d5 4. exd5 Nf6 5. Nf3 Nbd7 6. Be2 0-0 7. 0-0 Nb6 8. h3 Nfxd5 9. Nxd5 Qxd5 10. b3 Bf5 11. c4 Qd8 12. Be3 c6 13. Qd2 Re8 14. Rad1 Be4 15. Rfe1 Bxf3 16. Bxf3 e5 17. dxe5 Qxd2 18. Rxd2 Bxe5 19. Red1 Bf6 20. c5 Nd5 21. Bxd5 cxd5 22. Rxd5 Rac8 23. Rd7 b6 24. cxb6 axb6 25. Bxb6 Re2 26. a4 Kg7 27. a5 Rcc2 28. a6 Bh4 29. g3 Bxg3 30. fxg3 Rh2 1-0

[Event "Riga Tech op-A"]
[Site "Riga"]
[Date "2021.08.09"]
[Round "1"]
[White "Batashevs, Arsens"]
[Black "Praggnanandhaa, Rameshbabu"]
[Result "1/2-1/2"]
[WhiteElo "2153"]
[BlackElo "2608"]
[PlyCount "209"]
[EventDate "2021.08.09"]
[EventType "swiss"]
[EventRounds "9"]
[EventCountry "LAT"]
[SourceTitle "CBM 203 Extra"]
[Source "ChessBase"]
[SourceDate "2021.09.30"]
[SourceVersion "1"]
[SourceVersionDate "2021.09.30"]
[SourceQuality "1"]

1. Nf3 Nf6 2. c4 g6 3. g3 Bg7 4. Bg2 0-0 5. 0-0 d6 6. d4 Nbd7 7. Nc3 e5 8. dxe5 dxe5 9. Qc2 c6 10. Rd1 Qc7 11. e4 b6 12. b3 Re8 13. h3 Nc5 14. Be3 Ne6 15. Rd2 Bf8 16. Ng5 h6 17. Nxe6 Bxe6 18. Rad1 Rad8 19. Rxd8 Rxd8 20. Rxd8 Qxd8 21. Qd2 Qxd2 22. Bxd2 Bb4 23. Kf1 Kg7 24. Ke2 Nd7 25. Nd1 Bxd2 26. Kxd2 Kf8 27. Nb2 Ke7 28. Nd3 Kd6 29. Kc3 c5 30. f4 f6 31. Kd2 a6 32. a4 Nb8 33. Kc3 Nc6 34. Nb2 Nd4 35. Bf1 Bd7 36. Nd3 Nf3 37. g4 Bc6 38. Bg2 Nd4 39. fxe5+ fxe5 40. h4 Bd7 41. Nf2 Be6 42. g5 hxg5 43. hxg5 Bc8 44. Bh3 Bb7 45. Bg4 Bc6 46. Kb2 Bb7 47. Kc3 b5 48. axb5 axb5 49. b4 bxc4 50. Kxc4 Ba6+ 51. Kc3 Bb5 52. bxc5+ Kxc5 53. Nd3+ Bxd3 54. Kxd3 Kd6 55. Ke3 Ke7 56. Bh3 Ke8 57. Bg4 Kf8 58. Bd7 Kf7 59. Bh3 Ke8 60. Bg4 Ke7 61. Bh3 Nb5 62. Kf3 Nd6 63. Bf1 Kd7 64. Bh3+ Ke7 65. Bf1 Kd8 66. Bh3 Nf7 67. Kg4 Kc7 68. Kh4 Kd6 69. Bc8 Nd8 70. Kg4 Nc6 71. Kf3 Nd4+ 72. Ke3 Kc7 73. Bh3 Kc6 74. Bg4 Kd6 75. Bh3 Nb3 76. Bf1 Na5 77. Bb5 Ke7 78. Kf3 Nb3 79. Ke3 Nc5 80. Bc4 Nd7 81. Kf3 Nb6 82. Bd5 Nc8 83. Ke3 Nd6 84. Kf3 Ne8 85. Kg4 Ng7 86. Kf3 Nh5 87. Kg4 Ke8 88. Bb3 Nf4 89. Bc4 Ke7 90. Ba2 Ne6 91. Bc4 Kd6 92. Bd5 Nf4 93. Bf7 Ke7 94. Bc4 Ne6 95. Ba2 Nc5 96. Kf3 Kf8 97. Bd5 Ke8 98. Ba2 Ke7 99. Bd5 Ne6 100. Bxe6 Kxe6 101. Ke3 Kd6 102. Kd3 Kc5 103. Kc3 Kb5 104. Kb3 Kc5 105. Kc3 1/2-1/2

[Event "EU-ch Online U2300 Qual"]
[Site "Chess.com INT"]
[Date "2020.05.25"]
[Round "3"]
[White "Batashevs, Arsens"]
[Black "Morozov, Ivan"]
[Result "1-0"]
[WhiteElo "2166"]
[BlackElo "2069"]
[PlyCount "37"]
[EventDate "2020.05.25"]
[EventType "swiss"]
[EventRounds "8"]
[EventCountry "NET"]
[SourceTitle "EXT 2021"]
[Source "ChessBase"]
[SourceDate "2020.10.23"]
[SourceVersion "1"]
[SourceVersionDate "2020.10.23"]
[SourceQuality "1"]

1. Nf3 Nf6 2. c4 e6 3. e3 b6 4. b3 Bb7 5. Bb2 Be7 6. Nc3 0-0 7. Qc2 d5 8. Bd3 c5 9. Ne2 Nc6 10. a3 dxc4 11. bxc4 h6 12. h4 Qd6 13. Nf4 Rfd8 14. Ng5 Ne5 15. Bh7+ Kf8 16. Ngxe6+ Ke8 17. Nxg7+ Kd7 18. Qf5+ Kc7 19. Bxe5 1-0

[Event "EU-ch Online U2300 Qual"]
[Site "Chess.com INT"]
[Date "2020.05.25"]
[Round "4"]
[White "Batashevs, Arsens"]
[Black "Thorsteinsson, Thorsteinn"]
[Result "1-0"]
[WhiteElo "2166"]
[BlackElo "2271"]
[PlyCount "111"]
[EventDate "2020.05.25"]
[EventType "swiss"]
[EventRounds "8"]
[EventCountry "NET"]
[SourceTitle "EXT 2021"]
[Source "ChessBase"]
[SourceDate "2020.10.23"]
[SourceVersion "1"]
[SourceVersionDate "2020.10.23"]
[SourceQuality "1"]

1. Nf3 d5 2. e3 Nf6 3. b3 e6 4. Bb2 Be7 5. c4 0-0 6. Nc3 b6 7. Qc2 Bb7 8. Bd3 Nbd7 9. Ng5 h6 10. Bh7+ Kh8 11. h4 dxc4 12. bxc4 e5 13. Ne2 e4 14. Bxe4 Nxe4 15. Nxe4 Bxh4 16. Nf4 Bxe4 17. Qxe4 Bf6 18. Bxf6 Nxf6 19. Qf5 Qe7 20. Ke2 Nh7 21. Rh3 Rad8 22. Rah1 Qg5 23. Rh5 Qxf5 24. Rxf5 Kg8 25. d4 Rfe8 26. Kd3 c6 27. Rfh5 Nf6 28. R5h3 Ne4 29. Rf1 Ng5 30. Rh5 Re5 31. Nd5 Ree8 32. Nc3 f6 33. a4 Ne6 34. Kc2 Ng5 35. Kd3 Ne6 36. a5 Nc5+ 37. Kc2 Ne4 38. axb6 axb6 39. Nxe4 Rxe4 40. Rb1 c5 41. Kd3 Re6 42. d5 Red6 43. Ra1 Kf7 44. e4 Kg6 45. g4 Re8 46. f3 Re5 47. f4 Rxh5 48. gxh5+ Kxh5 49. e5 fxe5 50. fxe5 Rg6 51. d6 Rg4 52. Ke3 Rd4 53. Ra7 g5 54. d7 g4 55. e6 g3 56. e7 1-0

[Event "EU-ch rapid U18"]
[Site "Tallinn"]
[Date "2019.11.01"]
[Round "5"]
[White "Chukavin, Kirill"]
[Black "Batashevs, Arsens"]
[Result "1-0"]
[WhiteElo "2347"]
[BlackElo "2189"]
[PlyCount "59"]
[EventDate "2019.11.01"]
[EventType "swiss (rapid)"]
[EventRounds "9"]
[EventCountry "EST"]
[SourceTitle "CBM 193 Extra"]
[Source "ChessBase"]
[SourceDate "2020.01.31"]
[SourceVersion "1"]
[SourceVersionDate "2020.01.31"]
[SourceQuality "1"]

1. e4 g6 2. d4 Bg7 3. Nc3 d6 4. f4 a6 5. Nf3 b5 6. Bd3 Nd7 7. a4 b4 8. Ne2 c5 9. c3 Bb7 10. 0-0 a5 11. Ng3 Nh6 12. e5 cxd4 13. cxd4 Qb6 14. Kh1 dxe5 15. dxe5 Ng4 16. Qe2 h5 17. e6 Nc5 18. exf7+ Kf8 19. Be3 Rd8 20. Bxc5 Qxc5 21. Ng5 Bd5 22. Rae1 Bf6 23. N3e4 Qa7 24. Bc4 Bxc4 25. Qxc4 Bxg5 26. Nxg5 Nf2+ 27. Rxf2 Qxf2 28. Ne6+ Kxf7 29. Ng5+ Ke8 30. Rxe7+ 1-0

[Event "LAT-chT"]
[Site "Riga"]
[Date "2019.06.09"]
[Round "6.1"]
[White "Meskovs, Nikita"]
[Black "Batashevs, Arsens"]
[Result "1-0"]
[WhiteElo "2557"]
[BlackElo "2012"]
[PlyCount "73"]
[EventDate "2019.02.16"]
[EventType "team-tourn"]
[EventRounds "9"]
[EventCountry "LAT"]
[SourceTitle "CBM 190 Extra"]
[Source "ChessBase"]
[SourceDate "2019.07.15"]
[SourceVersion "1"]
[SourceVersionDate "2019.07.15"]
[SourceQuality "1"]
[WhiteTeam "Termo Eko/RSF"]
[BlackTeam "Rigas Saha School"]
[WhiteTeamCountry "LAT"]
[BlackTeamCountry "LAT"]

1. Nf3 g6 2. d4 Bg7 3. e4 d6 4. c3 Bg4 5. Qb3 Bxf3 6. gxf3 Qc8 7. h4 Nd7 8. h5 gxh5 9. Rg1 Bh6 10. Bxh6 Nxh6 11. Bh3 c6 12. Rg5 Qc7 13. Rxh5 Ng8 14. Nd2 Ngf6 15. Rg5 Rg8 16. Rxg8+ Nxg8 17. 0-0-0 Kf8 18. f4 Ngf6 19. e5 Nh5 20. Qc2 Nxf4 21. Qxh7 Ke8 22. Bxd7+ Kxd7 23. Qxf7 Ne6 24. Ne4 Rf8 25. Nc5+ dxc5 26. dxc5+ Kc8 27. Qxe6+ Kb8 28. Rd7 Qa5 29. Qxe7 Rc8 30. Rxb7+ Ka8 31. Rb4 Qa6 32. a4 Qf1+ 33. Kc2 Qe2+ 34. Kb3 Qd1+ 35. Ka2 Rb8 36. Rxb8+ Kxb8 37. Qd6+ 1-0

[Event "Olaine rapid op"]
[Site "Olaine"]
[Date "2018.11.25"]
[Round "3"]
[White "Batashevs, Arsens"]
[Black "Neiksans, Arturs"]
[Result "0-1"]
[WhiteElo "1968"]
[BlackElo "2553"]
[PlyCount "93"]
[EventDate "2018.11.25"]
[EventType "swiss (rapid)"]
[EventRounds "9"]
[EventCountry "LAT"]
[SourceTitle "CBM 187 Extra"]
[Source "ChessBase"]
[SourceDate "2018.11.04"]
[SourceVersion "1"]
[SourceVersionDate "2018.11.04"]
[SourceQuality "1"]

1. Nf3 Nf6 2. c4 b6 3. g3 c5 4. Bg2 Bb7 5. 0-0 g6 6. b3 Bg7 7. Bb2 0-0 8. d4 cxd4 9. Nxd4 Bxg2 10. Kxg2 Qc8 11. Nc3 Qb7+ 12. f3 d5 13. cxd5 Nxd5 14. Nxd5 Qxd5 15. Qd3 Nd7 16. e4 Qb7 17. Rac1 Nc5 18. Qe2 Rfd8 19. Rfd1 Rd7 20. e5 Rad8 21. Nc2 Nd3 22. Rb1 Nxb2 23. Rxd7 Qxd7 24. Rxb2 Qd5 25. Nb4 Qxe5 26. Qxe5 Bxe5 27. Nc6 Bxb2 28. Nxd8 Kf8 29. Nc6 a5 30. Kf2 Ke8 31. Ke3 Kd7 32. Na7 f5 33. Kd3 e5 34. h3 Bd4 35. Kc4 Bf2 36. g4 fxg4 37. fxg4 e4 38. Nb5 Ke6 39. Nc3 Ke5 40. Ne2 h5 41. gxh5 gxh5 42. a4 Bc5 43. Kc3 Kf5 44. Ng3+ Kf4 45. Nxh5+ Kf3 46. Nf6 e3 47. Ng4 0-1

[Event "Wch U16"]
[Site "Montevideo"]
[Date "2017.09.22"]
[Round "7"]
[White "Petriashvili, Nikoloz"]
[Black "Batashevs, Arsens"]
[Result "0-1"]
[WhiteElo "2246"]
[BlackElo "2058"]
[PlyCount "72"]
[EventDate "2017.09.17"]
[EventType "swiss"]
[EventRounds "11"]
[EventCountry "URU"]
[SourceTitle "CBM 180 Extra"]
[Source "ChessBase"]
[SourceDate "2017.10.06"]
[SourceVersion "1"]
[SourceVersionDate "2017.10.06"]
[SourceQuality "1"]

1. c4 g6 2. Nc3 Bg7 3. g3 e5 4. Bg2 d6 5. e4 Ne7 6. Nge2 0-0 7. 0-0 Nbc6 8. d3 Nd4 9. Nxd4 exd4 10. Nd5 Nxd5 11. exd5 h5 12. b4 Bf5 13. Bb2 Re8 14. Qd2 Kh7 15. a4 Qf6 16. Rfe1 Bh6 17. f4 g5 18. fxg5 Bxg5 19. Qc2 Be3+ 20. Kh1 Qg6 21. Rad1 Re5 22. Rf1 Rae8 23. c5 Bg4 24. Rde1 Bg5 25. Rxe5 dxe5 26. Qf2 Rf8 27. Be4 f5 28. Bc1 Bxc1 29. Rxc1 Qh6 30. Rf1 fxe4 31. Qxf8 Qxf8 32. Rxf8 exd3 33. Rf1 d2 34. d6 cxd6 35. cxd6 e4 36. h3 Bxh3 0-1